Obras en prosa. (Record no. 42114)

MARC details
000 -LEADER
campo de control de longitud fija 01008nam a2200253 i 4500
001 - NÚMERO DE CONTROL
campo de control 42114
003 - IDENTIFICADOR DE NÚMERO DE CONTROL
campo de control ES-MaACL
005 - FECHA Y HORA DE LA ÚLTIMA TRANSACCIÓN
campo de control 20251005063037.0
007 - CAMPO FIJO DE DESCRIPCIÓN FÍSICA--INFORMACIÓN GENERAL
campo de control de longitud fija t|
008 - DATOS DE LONGITUD FIJA--INFORMACIÓN GENERAL
campo de control de longitud fija 030312s1969 sp ||||1| cat d
100 1# - ENTRADA PRINCIPAL--NOMBRE DE PERSONA
Nombre de persona Castellnou, Joan de,
Fechas asociadas al nombre fl. 1340
9 (RLIN) 168429
245 10 - MENCIÓN DEL TÍTULO
Título Obras en prosa.
260 ## - PUBLICACIÓN, DISTRIBUCIÓN, ETC.
Lugar de publicación, distribución, etc. Barcelona :
Nombre del editor, distribuidor, etc. [s.n.],
Fecha de publicación, distribución, etc. 1969.
300 ## - DESCRIPCIÓN FÍSICA
Extensión 213 p. :
Otras características físicas lám. ;
Dimensiones 24 cm.
500 ## - NOTA GENERAL
Nota general Precede al tít.: Segleix XIV.
500 ## - NOTA GENERAL
Nota general Precede al tít.: Fundació Salvador Vives Casajuana.
505 8# - NOTA DE CONTENIDO CON FORMATO
Nota de contenido con formato Contiene: I: Compendi de la coneixenga dels vicis en els dictats del Gai Saber II glosari al Doctrinal de Ramon de Cornet, Joan de Castellnou. Introducció, edició crítica e indexs per Josep M. Casas Homs
600 14 - PUNTO DE ACCESO ADICIONAL DE MATERIA--NOMBRE DE PERSONA
Nombre de persona Cornet, Ramón de.
9 (RLIN) 168430
650 #4 - PUNTO DE ACCESO ADICIONAL DE MATERIA--TÉRMINO DE MATERIA
Término de materia o nombre geográfico como elemento de entrada Poesía provenzal-
Subdivisión general Historia y crítica.
9 (RLIN) 142887
700 1# - ENTRADA AGREGADA--NOMBRE PERSONAL
Nombre de persona Casas Homs, Josep Maria.
9 (RLIN) 168431
710 00 - ENTRADA AGREGADA--NOMBRE DE ENTIDAD CORPORATIVA
Nombre de entidad corporativa o nombre de jurisdicción como elemento de entrada Fundación Salvador Vives Casajuana.
9 (RLIN) 4411
852 ## - LOCALIZACIÓN
Ubicación ES-MaACL
Número de control de estantería C-37880
Sublocalización o colección R.71379
Holdings
Estatus retirado Estado de pérdida Estado de daño No para préstamo Biblioteca de origen Biblioteca actual Ubicación en estantería Fecha de adquisición Fuente de adquisición Total de préstamos Signatura topográfica completa Código de barras Visto por última vez Precio de reemplazo Tipo de ítem Koha
        Biblioteca del Ateneo de Madrid Biblioteca del Ateneo de Madrid Depósito 2 17/01/2008     C-37880 1044326 23/02/2023 23/02/2023 Libro impreso